000
00292nam a22001337a 4500
008
171214b xxu||||| |||| 00| 0 eng d
020
_a
9780226436180
041
_a
eng
080
_a
316
100
_a
50
101
_a
SOC
245
_a
WOMEN OF THE RENAISSANCE
_c
KING,M.L
942
_2
udc
_c
BK
999
_c
38938
_d
38938